Statistiche per Paesi che iniziano con la K

Clicka qui per fare il quiz!

Statistiche generali

  • Questo quiz è stato fatto 13.637 volte
  • Il punteggio medio è 4 su 6

Statistiche sulle risposte

Paese% Corretto
Kazakistan
94%
Kenya
77%
Kirghizistan
75%
Kuwait
71%
Kiribati
66%
Kosovo
65%

Distribuzione punteggi

Percentile per numero di risposta

Percentuale di utenti per punteggio

I tuoi punteggi nel tempo

Non hai fatto questo quiz